000 00816nam a22002177a 4500
003 OSt
005 20230127173714.0
008 221006b |||||||| |||| 00| 0 eng d
022 _a2500 8501 Septiembre
040 _cBiblioteca Lado V
082 _a741.5
_bM668m
130 _9701
_aLa Minúscula Ensayística Ilustrada
_lspa
245 _aLa Minúscula Ensayística Ilustrada/
_bEl Canibal Melancólico | Prosopopeyas Graficas y Cotidianas
260 _bMincultura
_aColombia
_c2016
300 _c6x8cm
_a52p.
490 _aLa Minúscula Ensayística Ilustrada
_vVolumen 4 Septiembre
650 0 _2Tesauro de Arte & Arquitectura
_aDIBUJO
_9702
650 _2Tesauro de Arte & Arquitectura
_aARTE
650 _2Tesauro de Arte & Arquitectura
_aILUSTRACION
942 _2ddc
_c1
_h741.5
_iM668m
_n0
999 _c2992
_d2992